000
00277nam a2200109Ia 4500
008
220204s9999 xx 000 0 und d
082
_a
676.026
_b
MIL
100
_a
Miller, Howard A
245
0
_a
Particle board manufacture
260
_a
New Jersey
_b
Noyes Data
_c
1977
942
_c
BK
999
_c
28250
_d
28250